000 01732nam a22004577a 4500
001 000095775
003 CHAP
005 20220329143124.0
008 060523d2006 mx r 00110 spa d
010 _a92241
011 _a93213
035 _a103785
040 _cCHAP
090 _aTesis
100 1 _aRomero Barrera, Lucia de las Nieves.
_999524
245 1 0 _aNemátodos gastroentéricos en ovinos de la sierra de Huautla, Morelos sujetos a diferente control parasitario /
_c/por Lucia de las Nieves Romero Barrera,.
260 _aChapingo, Méx. :
_bEl autor,
_c2006.
300 _a62 h. :
_bgráfs.; cuadros.
502 _aTesis (Ing. Agr. Esp. en Zootecnia) - - UACH. Departamento de Zootecnia
590 _aALEPH
_b10
_c20130110
_lUCH01
_h1511
590 _aBATCH-UPD
_b10
_c20130110
_lUCH01
_h0348
590 _aBATCH-UPD
_b10
_c20130110
_lUCH01
_h2257
590 _aBATCH-UPD
_b10
_c20130410
_lUCH01
_h0021
590 _aBATCH-UPD
_b10
_c20130914
_lUCH01
_h1514
590 _aBATCH-UPD
_b10
_c20140324
_lUCH01
_h1457
590 _aBATCH-UPD
_b10
_c20141002
_lUCH01
_h0830
590 _aCONVERSION
_b10
_c20130109
_lUCH01
_h1351
590 _aE5765TAJ
_b10
_c20130613
_lUCH01
_h1127
650 1 4 _aGanado lanar
_xEnfermedades.
_945173
650 1 4 _aGanado lanar
_xMorelos.
_945201
650 1 4 _aGanado lanar
_xParásitos.
_945208
650 1 4 _aGanado lanar
_xRazas.
_945218
650 1 4 _aHomeopatía en medicina veterinaria.
_956058
856 _3Finding aid
_uhttp://10.13.5.2/tesis/103785.pdf
_zTeclea aquí
901 _aBK
905 _aElisama A. H.
942 _cCD
942 _n0
949 _aTesis
_bBC
_cTES
_d00000000103785
_eTS1
_h45121
_i103785
_sb
949 _aTesis
_bBC
_cTES
_d33724000871158
_eTS2
_fc.2
_h45122
_i103785
_si
999 _c92241
_d92241